• 首页
  • 本馆介绍
  • 公告通知
  • 最新文献
  • 馆藏检索
  • 电子资源
  • 读者导购
  • 参考咨询
  • 我的图书馆
  • 登录
  • 详细信息显示
  • 放入我的书架
  • 预约/预借图书
  • 作者相关作品
  • 分类相关作品
  • 丛书相关作品
  • 出版社相关作品

书目信息

  • 表格格式
  • 工作单格式
  • 卡片格式
题名:
人类发明史
    
 
作者: 林哈特 著 ;刘淑华 译
分册:  
出版信息: 上海   上海科学技术文献出版社  2016.7
页数: 319页
开本: 22cm
丛书名: 合众科学译丛
单 册:
中图分类: N19-49
科图分类:
主题词: 创造发明--普及读物
电子资源:
ISBN: 978-7-5439-7000-7
000 01089oam2 2200277 450
001 0400003190
005 20171021203914.0
010    @a978-7-5439-7000-7@dCNY42.00
100    @a20160927d2016 em y0chiy50 ea
101 1  @achi@ceng
102    @aCN@b310000
105    @aa z 000yy
106    @ar
200 1  @a人类发明史@9ren lei fa ming shi@dHow invention begins: echoes of old voices in the rise of new machines@f(美)约翰·H. 林哈德著@g刘淑华译@zeng
210    @a上海@c上海科学技术文献出版社@d2016.7
215    @a319页@c图@d22cm
225 1  @a合众科学译丛@h第一辑
330    @a本书将带你迈进人类发明创造的历史长河,走近那些为人类文明奉献毕生的发明家,与他们倾心对话,探寻发明创造的艰难历程,体会其中的激动与欣喜。
461  0 @12001 @a合众科学译丛
510 1  @aHow invention begins: echoes of old voices in the rise of new machines@zeng
606 0  @a创造发明@j普及读物
690    @aN19-49@v5
701  0 @c(美)@a林哈特@9lin ha te@c(Lienhard, John H.@f1930-)@4著
702  0 @a刘淑华@9liu shu hua@4译
801  0 @aCN@b91MARC@c20171021
905    @b1035726-30@dN19-49@f5@e122
    
    人类发明史=How invention begins: echoes of old voices in the rise of new machines/(美)约翰·H. 林哈德著/刘淑华译.-上海:上海科学技术文献出版社,2016.7
    319页:图;22cm.-(合众科学译丛.第一辑)
    
    
    ISBN 978-7-5439-7000-7:CNY42.00
    本书将带你迈进人类发明创造的历史长河,走近那些为人类文明奉献毕生的发明家,与他们倾心对话,探寻发明创造的艰难历程,体会其中的激动与欣喜。
●
相关链接 在E读中查询图书 在五车中查询图书 在当当中查询图书 在豆瓣中查询图书


正题名:人类发明史     索取号:N19-49/122         预约/预借

序号 登录号 条形码 馆藏地/架位号 状态 备注
1 1035726   210357264   第二样本阅览室/ [索取号:N19-49/122] 在馆    
2 1035727   210357273   第三借阅区/ [索取号:N19-49/122] 在馆    
3 1035728   210357282   密集书库-物理学院/ [索取号:N19-49/122] 在馆    
4 1035729   210357291   第三借阅区/ [索取号:N19-49/122] 在馆    
5 1035730   210357308   第三借阅区/ [索取号:N19-49/122] 在馆    
欢迎您!
大连网信软件有限公司© 版权所有